-
SINGH, MANOJ .K AND KUMAR, VINAY
Entry Personal Name
Number of records used in: 2
001 - CONTROL NUMBER
003 - CONTROL NUMBER IDENTIFIER
005 - DATE AND TIME OF LATEST TRANSACTION
- control field:
20221221110713.0
008 - FIXED-LENGTH DATA ELEMENTS
- fixed length control field:
221221|| aca||aabn | a|a d
040 ## - CATALOGING SOURCE
- Original cataloging agency:
OSt
- Transcribing agency:
OSt
100 ## - HEADING--PERSONAL NAME
- Personal name:
SINGH, MANOJ .K AND KUMAR, VINAY
670 ## - SOURCE DATA FOUND
- Source citation:
Work cat.: (OSt)8178: SINGH, MANOJ .K AND KUMAR, VINAY , ROBBINS & COTRAN PATHOLOGIC BASIC OF DISEASE -VOL -I , 2021